Микроэкономика для продвинутых: задачи и решения: учебное пособие

Dades bibliogràfiques
Autor principal: Киреев А. П.
Altres autors: Киреев П. А.
Sumari:Сборник содержит задачи по основным разделам микроэкономики: теории потребителя, теории производителя, теории рынков (свободная конкуренция, монополия), общему экономическому равновесию, стратегическому поведению (дуополия и олигополия) и выбору в условиях риска и асимметричной информации. В основном это типовые задачи, на примере которых отрабатываются навыки анализа базовых моделей курса микроэкономики. Приводится подробное решение всех задач. Для студентов, аспирантов и преподавателей экономических вузов, факультетов и специальностей. Может быть полезно продвинутым студентам бакалавриата, специализирующимся в различных областях микроэкономического анализа, а также студентам магистратуры с базовым образованием по неэкономическим специальностям.
Idioma:rus
Publicat: Москва, Вузовский учебник, 2011
Col·lecció:Вузовский учебник
Matèries:
Format: MixedMaterials Llibre
KOHA link:https://koha.lib.tpu.ru/cgi-bin/koha/opac-detail.pl?biblionumber=200860

MARC

LEADER 00000nam0a2200000 4500
001 200860
005 20231101225002.0
010 |a 9785955801513 
010 |a 978-5-16-004042-4 
035 |a (RuTPU)RU\TPU\book\218946 
090 |a 200860 
100 |a 20110915d2011 m y0rusy50 ca 
101 0 |a rus 
102 |a RU 
105 |a a j 001zy 
200 1 |a Микроэкономика для продвинутых: задачи и решения  |d Advanced Microeconomics: Problems and Solutions  |e учебное пособие  |f А. П. Киреев, П. А. Киреев 
210 |a Москва  |c Вузовский учебник  |c Инфра-М  |d 2011 
215 |a 160 с.  |c ил. 
225 1 |a Вузовский учебник 
320 |a Библиогр.: с. 159. 
330 |a Сборник содержит задачи по основным разделам микроэкономики: теории потребителя, теории производителя, теории рынков (свободная конкуренция, монополия), общему экономическому равновесию, стратегическому поведению (дуополия и олигополия) и выбору в условиях риска и асимметричной информации. В основном это типовые задачи, на примере которых отрабатываются навыки анализа базовых моделей курса микроэкономики. Приводится подробное решение всех задач. Для студентов, аспирантов и преподавателей экономических вузов, факультетов и специальностей. Может быть полезно продвинутым студентам бакалавриата, специализирующимся в различных областях микроэкономического анализа, а также студентам магистратуры с базовым образованием по неэкономическим специальностям. 
510 1 |a Advanced Microeconomics: Problems and Solutions  |z eng 
606 1 |a Микроэкономика  |2 stltpush  |3 (RuTPU)RU\TPU\subj\36419  |9 57809 
610 1 |a потребители 
610 1 |a полезность 
610 1 |a предпочтения 
610 1 |a потребление 
610 1 |a спрос 
610 1 |a эффекты 
610 1 |a замещение 
610 1 |a доходы 
610 1 |a вариации 
610 1 |a производственная функция 
610 1 |a издержки 
610 1 |a совершенная конкуренция 
610 1 |a монополия 
610 1 |a общее равновесие 
610 1 |a обмен 
610 1 |a избыточный спрос 
610 1 |a игры 
610 1 |a олигополия 
610 1 |a риски 
610 1 |a асимметричная информация 
610 1 |a задачи 
610 1 |a решения 
610 1 |a учебные пособия 
686 |a У012.1я73  |v LBC/SL-A  |2 rubbk 
700 1 |a Киреев  |b А. П. 
701 1 |a Киреев  |b П. А. 
801 1 |a RU  |b 63413507  |c 20110915 
801 2 |a RU  |b 63413507  |c 20150505  |g RCR 
900 |a Микроэкономика 
942 |c BK 
959 |a 78/20110915  |d 2  |e 139,90  |f ЧЗГЛ:1  |f АНЛ:1